000 00472nam a2200145 a 4500
001 000040975
005 20201002034523.0
008 130912s2006 nyuabc 000 0 spa d
020 _z978874477565
040 _aDO-SdBNP
_bspa
_cBNPHU
082 _axxx
_bC697รณ
245 0 1 _aThe Official :
_bStudy guide for all Sat subject tests.
260 _aNew York :
_bCollege Board,
_c2006.
300 _avi, 784 p. :
_bill., maps ; 28 cm. + 2 sound discs (digital ; 4 3/4 in.) ;
_c28 cm.
999 _c40465
_d40465